000 00448nam a22001577a 4500
005 20231130103855.0
008 231130b |||||||| |||| 00| 0 eng d
041 _aEnglish
082 _a306 CUL
100 _lEnglish
245 _aCulture in Namibia : An Overview
260 _aWindhoek :
_bCapital Press,
_c1991
300 _bviii, 147 pages ;
_c30,3 cm.
650 _aLegal practice
_bLaw
942 _cBK
_6ALISON_BN_VRIES
999 _c1088
_d1088